| 000 | 00720nam a2200253Ia 4500 | ||
|---|---|---|---|
| 003 | OSt | ||
| 005 | 20220928102625.0 | ||
| 006 | a|||||r|||| 00| 0 | ||
| 007 | ta | ||
| 008 | 220927b |||||||| |||| 00| 0 eng d | ||
| 020 | _c1494.95 | ||
| 024 | _a124729 | ||
| 037 |
_b163, 28/10/2014, Classic Book Service _cTextual |
||
| 040 |
_aSDCL _cSDCL _beng |
||
| 041 |
_2eng _aeng |
||
| 082 | _aXL, Q4 | ||
| 100 |
_aRogers Chris _9399427 |
||
| 245 | 0 | _aCapitalism and its alternatives | |
| 260 |
_aLondon _bZed Books _c2014 |
||
| 300 |
_a170p. _ccm. |
||
| 650 |
_aBusiness Economics _9391653 |
||
| 942 |
_hXL, Q4 _cTEXL _2CC |
||
| 999 |
_c715282 _d715282 |
||